000 00457nam a2200169 a 4500
005 20140310183517.0
008 110201s19uu xx 00 eng d
020 _a9710870874
050 _aG 2394.M5
_b.M485 2010
100 _aNAMRIA
245 _aMetro Manila street map :
_bupdated, comprehensive /
260 _aMandaluyong City :
_bNBS,
_c2010.
300 _a374 p. :
_c31 cm.
650 _aMaps-Metro Manila.
942 _cBK
_2lcc
999 _c24330
_d24330